| 000 | 00852cam a2200253 a 4500 | ||
|---|---|---|---|
| 001 | 15519463 | ||
| 005 | 20250224105831.0 | ||
| 008 | 081112s2010 maua 001 0 eng | ||
| 010 | _a 2008049008 | ||
| 020 | _a9780071263320 | ||
| 035 | _a(OCoLC)ocn244764199 | ||
| 040 |
_aDLC _cKCST |
||
| 050 | 0 | 0 |
_aTK5102.5 _b.C3 2010 |
| 100 | 1 |
_aCarlson, A. Bruce, _d1937- _94533 |
|
| 245 | 1 | 0 |
_aCommunication systems : _ban introduction to signals and noise in electrical communication / _cA. Bruce Carlson, Paul B. Crilly. |
| 250 | _a5th ed. | ||
| 260 |
_aBoston : _bMcGraw-Hill Higher Education, _cc2010. |
||
| 300 |
_axx, 924 p. : _bill. ; _c24 cm. |
||
| 500 | _aIncludes index. | ||
| 650 | 0 |
_aSignal theory (Telecommunication) _91318 |
|
| 650 | 0 |
_aModulation (Electronics) _94534 |
|
| 650 | 0 |
_aDigital communications. _9376 |
|
| 700 | 1 |
_aCrilly, Paul B. _94535 |
|
| 999 |
_c445 _d445 |
||